Juvenilia /
Guardado en:
| Autor Principal: | |
|---|---|
| Formato: | Libro |
| Publicado: |
Buenos Aires :
Eudeba,
1968
|
| Edición: | 4a. ed. |
| Series: | Colecci¢n Argentina
|
| Materias: | |
| Etiquetas: |
Agregar Etiqueta
Sin Etiquetas, Sea el primero en etiquetar este registro!
|
| LEADER | 00667nam a22002295a 4500 | ||
|---|---|---|---|
| 001 | CEM.cems001398 | ||
| 005 | 20060214000000.0 | ||
| 008 | 130507s1968##################000#0#####d | ||
| 003 | CEMS | ||
| 082 | 0 | 4 | |a A863.2 |
| 100 | 1 | |a Cané, Miguel | |
| 245 | 1 | 0 | |a Juvenilia / |c Miguel Cané |
| 250 | |a 4a. ed. | ||
| 260 | |a Buenos Aires : |b Eudeba, |c 1968 | ||
| 300 | |a 142 p. | ||
| 490 | 0 | |a Colecci¢n Argentina | |
| 653 | |a Literatura | ||
| 653 | |a Literatura argentina | ||
| 653 | |a Novela argentina-siglo 19 | ||
| 653 | |a Novelas | ||
| 859 | |a CEMS |b BIB. CEMS - 11 de abril |h A863.2 |i C162-3a4 |p 14110.75 |t Ej.1 | ||
| 859 | |a CEMS |b BIB. CEMS - 11 de abril |h A863.2 |i C162-3a4 |p 14111.75 |t Ej.2 | ||
